Obscure Geography 3 - Statistics

General Stats
  • This quiz has been taken 98 times
  • The average score is 18 of 33
Answer Stats
Hint Answer % Correct
Vietnam
97%
What modern-day countries were part of French Indochina? Cambodia
94%
Laos
93%
What country does France have the longest land border with? Brazil
92%
What are the only two African countries that mostly escaped colonialism? Ethiopia
91%
Puerto Rico
86%
Guam
85%
Mont Blanc
78%
What are the five inhabited U.S. territories? American Samoa
77%
Liberia
77%
Christmas Island
76%
Shanghai
73%
U.S. Virgin Islands
73%
China (Zhanjiang)
72%
Guangzhou
72%
What are the two options for the tallest mountain in Europe? Mt. Elbrus
66%
Northern Mariana Islands
66%
What is the farthest point from any land on Earth? Point Nemo
55%
What is the name of the northern section of the Baltic Sea? Gulf of Bothnia
51%
Norfolk Island
50%
What island chain is disputed between Russia and Japan? Kuril Islands
49%
Cocos (Keeling) Islands
47%
What small Norwegian island is between Norway and Greenland? Jan Mayen
44%
Xiamen
43%
What were the original five Chinese treaty ports 1800's? Fuzhou
30%
Heard Island and McDonald Islands
16%
Ningbo
14%
What country is the above part of? France
13%
Coral Sea Islands
10%
What island is the the Heart of Voh on? New Caledonia
10%
What are the Australian external territories not in Antarctica? Ashmore and Cartier Islands
6%
What are the only parts of Antarctica that are inhabited year-round? Esperanza Base
2%
Villa Las Estrellas Base
2%
No matching quizzes found
Score Distribution
Percent of People with Each Score
Percentile by Number Answered
Your Score History
You have not taken this quiz